MARC

LEADER 00000cam a2200000 7i4500
001 0000002681
005 20031029.0
090 0 0 |a FAO634.9595   |b MAL 1997 
110 1 0 |a MALAYSIA   |c Forestry Department Headquarters Peninsular Malaysia 
245 1 0 |a Country report - Malaysia   |c by Forestry Department Headquarters Peninsular Malaysia 
260 0 0 |a Rome :   |b Food and Agriculture Organization of the United Nations ,   |c 1997 
300 |a 25 p. ;   |c 30 cm. 
440 0 0 |a Asia-Pacific forestry sector outlook study working paper series no. APFSOS/WP/07 
500 0 0 |a Bibliography : p. 22 
650 0 0 |a Forests and forestry   |z Malaysia 
710 1 1 |a Food and Agriculture Organization of the United Nations (FAO) 
998 |a JPSM 
999 |a 0000004732   |b Monograph   |c Food and Agriculture Organization   |e Default branch 
999 |a 0000004733   |b Monograph   |c Food and Agriculture Organization   |e Default branch